[Event "FRA-chT"]
[Site "FRA"]
[Date "1998.02.08"]
[Round "3"]
[White "Rausis, Igors"]
[Black "Daly, Colm"]
[Result "1-0"]
[WhiteElo "2520"]
[BlackElo "2320"]
[PlyCount "85"]
[EventDate "1998.02.06"]
[Source "ChesBase"]
[SourceDate "1998.07.07"]

1. d4 e6 2. Nf3 Nf6 3. Bg5 c5 4. c3 cxd4 5. cxd4 d5 6. Nc3 Be7 7. e3 O-O 8. Bd3
Nc6 9. O-O h6 10. Bh4 b6 11. Rc1 Bb7 12. a3 Rc8 13. Qe2 Ne4 14. Bxe7 Nxc3 15.
Rxc3 Qxe7 16. Rfc1 Nb8 17. Ne5 Rxc3 18. Rxc3 Rc8 19. Rxc8+ Bxc8 20. Qc2 Bb7 21.
h3 Qd8 22. Bh7+ Kf8 23. Nxf7 Kxf7 24. Qg6+ Kf8 25. Qxe6 Nd7 26. Qg8+ Ke7 27.
Qxg7+ Kd6 28. Qxh6+ Qf6 29. Qxf6+ Nxf6 30. Bd3 Ne4 31. Bxe4 dxe4 32. g4 Kd5 33.
Kg2 Kc4 34. h4 Bd5 35. h5 Bf7 36. Kg3 a5 37. Kh4 a4 38. g5 Kb3 39. g6 Bd5 40.
h6 Kxb2 41. h7 Kxa3 42. h8=Q b5 43. Qe5 1-0

[Event "FRA-chT"]
[Site "FRA"]
[Date "1998.02.08"]
[Round "3"]
[White "Renet, Olivier"]
[Black "Gueneau, Christophe"]
[Result "1-0"]
[WhiteElo "2490"]
[BlackElo "2175"]
[PlyCount "37"]
[EventDate "1998.02.06"]
[Source "ChesBase"]
[SourceDate "1998.07.07"]

1. e4 e5 2. Nf3 Nf6 3. Nxe5 d6 4. Nf3 Nxe4 5. d4 d5 6. Bd3 Nc6 7. O-O Bg4 8. c4
Nf6 9. cxd5 Bxf3 10. Qxf3 Qxd5 11. Re1+ Be7 12. Qxd5 Nxd5 13. Nc3 Ncb4 14. Be4
c6 15. a3 Nxc3 16. bxc3 Nd5 17. Rb1 Nb6 18. a4 f5 19. Bf3 1-0

[Event "FRA-chT"]
[Site "FRA"]
[Date "1998.02.08"]
[Round "3"]
[White "Roos, Jean Luc"]
[Black "Costa, Jean Luc"]
[Result "1-0"]
[WhiteElo "2315"]
[BlackElo "2395"]
[PlyCount "69"]
[EventDate "1998.02.06"]
[Source "ChesBase"]
[SourceDate "1998.07.07"]

1. e4 Nf6 2. e5 Nd5 3. d4 Nb6 4. Nf3 d6 5. exd6 exd6 6. Bd3 Be7 7. h3 Be6 8.
O-O N8d7 9. b3 Bf6 10. Nbd2 d5 11. Ba3 Be7 12. Bxe7 Qxe7 13. c4 c5 14. cxd5
Nxd5 15. dxc5 O-O 16. c6 Nc5 17. Qb1 Nxd3 18. cxb7 N5f4 19. bxa8=Q Rxa8 20. Re1
Qf6 21. Ne4 Qg6 22. Ng3 Nxe1 23. Qxe1 Bd5 24. Qe3 Qf6 25. Re1 Ne6 26. Ne5 g6
27. Ng4 Qg7 28. Rd1 Bb7 29. Rd7 Bc6 30. Nh6+ Qxh6 31. Qxh6 Bxd7 32. Ne4 Kh8 33.
Nf6 Nf8 34. Qe3 Be6 35. Qe5 1-0

[Event "FRA-chT"]
[Site "FRA"]
[Date "1998.02.08"]
[Round "3"]
[White "Roser, Kevin"]
[Black "Werner, Veronika"]
[Result "1-0"]
[WhiteElo "2255"]
[BlackElo "2225"]
[PlyCount "67"]
[EventDate "1998.02.06"]
[Source "ChesBase"]
[SourceDate "1998.07.07"]

1. e4 c5 2. Nf3 d6 3. d4 cxd4 4. Nxd4 Nf6 5. Nc3 g6 6. Be2 Bg7 7. O-O O-O 8.
Nb3 Nc6 9. Bg5 a6 10. Re1 b5 11. Bf1 Be6 12. a4 b4 13. Nd5 Bxd5 14. exd5 Ne5
15. a5 Qc7 16. Ra4 Rfc8 17. Rxb4 Qxc2 18. Rb6 Qxd1 19. Rxd1 Nc4 20. Rc6 Nxb2
21. Rxc8+ Rxc8 22. Bxa6 Rb8 23. Rc1 Rxb3 24. Rc8+ Bf8 25. Bf1 Ra3 26. a6 Ra1
27. Be3 Na4 28. a7 Nc5 29. a8=Q Rxa8 30. Rxa8 Nxd5 31. Bh6 Nd7 32. Bb5 N5b6 33.
Rd8 d5 34. Be3 1-0

[Event "FRA-chT"]
[Site "FRA"]
[Date "1998.02.08"]
[Round "3"]
[White "Sokolov, Andrei"]
[Black "Maier, Christian"]
[Result "0-1"]
[WhiteElo "2580"]
[BlackElo "2380"]
[PlyCount "82"]
[EventDate "1998.02.06"]
[Source "ChesBase"]
[SourceDate "1998.07.07"]

1. e4 e6 2. d4 d5 3. Nd2 Nf6 4. e5 Nfd7 5. Bd3 c5 6. c3 Nc6 7. Ne2 cxd4 8. cxd4
f6 9. exf6 Qxf6 10. Nf3 Bd6 11. O-O O-O 12. Bg5 Qf7 13. Bh4 e5 14. Ng5 Qf6 15.
Qb3 Nb6 16. g3 Qh6 17. dxe5 Nxe5 18. Be4 Bd7 19. Bxd5+ Kh8 20. Bg2 Ba4 21. Qe3
Bb5 22. a4 Nxa4 23. Nd4 Bxf1 24. Bxf1 Nb6 25. Nde6 Nf3+ 26. Nxf3 Qxe3 27. fxe3
Rxf3 28. Rd1 Be5 29. Bg5 Rf7 30. b4 Rd7 31. Rc1 Rc8 32. Nc5 Rd2 33. Bh3 Rf8 34.
Nxb7 Rff2 35. e4 Rc2 36. Rd1 h6 37. Be3 Rxh2 38. Bf5 Rcg2+ 39. Kf1 g6 40. Rd8+
Kg7 41. Be6 Rb2 0-1

[Event "FRA-chT"]
[Site "FRA"]
[Date "1998.02.08"]
[Round "3"]
[White "Tissir, Mohamed"]
[Black "Marchand, Francois"]
[Result "0-1"]
[WhiteElo "2300"]
[BlackElo "2305"]
[PlyCount "76"]
[EventDate "1998.02.06"]
[Source "ChesBase"]
[SourceDate "1998.07.07"]

1. e4 c6 2. d4 d5 3. Nc3 dxe4 4. Nxe4 Bf5 5. Ng3 Bg6 6. h4 h6 7. Nf3 Nd7 8. h5
Bh7 9. Bd3 Bxd3 10. Qxd3 e6 11. Bf4 Bb4+ 12. c3 Be7 13. Ne4 Ngf6 14. Nd6+ Bxd6
15. Bxd6 Qa5 16. Be5 O-O 17. Rh4 c5 18. dxc5 Nxe5 19. Nxe5 Qxc5 20. Qe2 Rad8
21. Rc4 Qa5 22. Kf1 Rd5 23. Re1 Rfd8 24. b3 Qb6 25. Rf4 Qd6 26. c4 Rd2 27. Qf3
Qe7 28. a4 Rb2 29. Kg1 Rdd2 30. Qe3 a6 31. c5 Nd5 32. Rxf7 Qxf7 33. Qxd2 Rxd2
34. Nxf7 Kxf7 35. Rc1 Ne7 36. b4 Rb2 37. Rc4 Nc6 38. Rf4+ Kg8 0-1

[Event "FRA-chT"]
[Site "FRA"]
[Date "1998.02.08"]
[Round "3"]
[White "Zarrouati, Pierre"]
[Black "Guadalpi, David"]
[Result "0-1"]
[WhiteElo "2175"]
[BlackElo "2260"]
[PlyCount "122"]
[EventDate "1998.02.06"]
[Source "ChesBase"]
[SourceDate "1998.07.07"]

1. d4 Nf6 2. Nf3 g6 3. g3 Bg7 4. Bg2 O-O 5. c4 d6 6. Nc3 c6 7. O-O Qa5 8. Qc2
Be6 9. b3 d5 10. Ne5 Qa6 11. c5 Nbd7 12. f4 Rad8 13. Rd1 Bf5 14. Qb2 Ne4 15.
Bf1 Nxe5 16. fxe5 b6 17. Nxe4 Bxe4 18. Qc3 Qc8 19. cxb6 axb6 20. Be3 f6 21.
Rac1 c5 22. e6 f5 23. Qd2 f4 24. Bxf4 Qxe6 25. dxc5 Qf5 26. Bg2 Bxg2 27. Kxg2
bxc5 28. Qd3 e5 29. Qxf5 Rxf5 30. e4 Rf7 31. Bg5 Ra8 32. exd5 Rxa2+ 33. Rd2
Rxd2+ 34. Bxd2 Bf8 35. Be3 Rd7 36. Kf3 e4+ 37. Kxe4 Re7+ 38. Kd3 Rxe3+ 39. Kxe3
Bh6+ 40. Ke4 Bxc1 41. d6 Kf8 42. Kd5 Ke8 43. Kxc5 Kd7 44. Kd5 Be3 45. Ke5 Bg1
46. h3 Bh2 47. Kf6 Bxg3 48. Kg7 Bh4 49. Kxh7 g5 50. Kg6 Kxd6 51. Kf5 Kc5 52.
Ke4 Kb4 53. Ke3 Kxb3 54. Kd3 Kb4 55. Kd4 Bf2+ 56. Kd3 Kc5 57. Ke2 Bh4 58. Ke3
Kd5 59. Kd3 Ke5 60. Ke3 Kf5 61. Kf3 Kg6 0-1

[Event "FRA-chT"]
[Site "FRA"]
[Date "1998.04.02"]
[Round "4"]
[White "Bauer, Christian"]
[Black "Salaun, Yann"]
[Result "1-0"]
[WhiteElo "2520"]
[BlackElo "2360"]
[PlyCount "80"]
[EventDate "1998.02.06"]
[Source "ChesBase"]
[SourceDate "1998.07.07"]

1. d4 d5 2. c4 e6 3. Nf3 c5 4. cxd5 exd5 5. g3 Nc6 6. Bg2 Nf6 7. O-O Be7 8. Nc3
O-O 9. Bg5 cxd4 10. Nxd4 Re8 11. h3 Qb6 12. Nb3 Be6 13. Be3 Qa6 14. Nd4 Rad8
15. Ncb5 Nxd4 16. Nxd4 Ne4 17. Nxe6 Qxe6 18. Bd4 Bf6 19. e3 Rc8 20. Bxf6 Nxf6
21. Qd4 Qb6 22. Qxb6 axb6 23. Rfd1 Red8 24. Rd2 Ne4 25. Rd4 Kf8 26. Rad1 Nf6
27. e4 Re8 28. exd5 Re2 29. d6 Rxb2 30. Bxb7 Rd8 31. a4 Rc2 32. Ba6 g6 33. Bb5
Rc5 34. d7 Re5 35. Rd6 Re6 36. Rxe6 fxe6 37. Rd6 Ke7 38. Rxb6 Nd5 39. Rb7 Kd6
40. Kg2 Nc7 1-0

[Event "FRA-chT"]
[Site "FRA"]
[Date "1998.04.02"]
[Round "4"]
[White "Beikert, Guenther"]
[Black "Spiridonov, Nikola"]
[Result "1/2-1/2"]
[WhiteElo "2495"]
[BlackElo "2395"]
[PlyCount "160"]
[EventDate "1998.02.06"]
[Source "ChesBase"]
[SourceDate "1998.07.07"]

1. e4 c6 2. d3 d5 3. Nd2 Qc7 4. Ngf3 Bg4 5. g3 e6 6. h3 Bh5 7. Bg2 Nf6 8. O-O
Nbd7 9. Qe1 dxe4 10. dxe4 Bc5 11. Kh1 Bxf3 12. Nxf3 O-O 13. e5 Nd5 14. c4 N5b6
15. b3 a5 16. Bd2 Nc8 17. a3 Rd8 18. Qe2 Bf8 19. Bc3 Ne7 20. Qc2 h6 21. Rfe1 c5
22. Qe4 Nc6 23. Bf1 g6 24. h4 Bg7 25. h5 g5 26. Bd3 Nf8 27. Bc2 Rd7 28. Rad1
Rad8 29. Rxd7 Rxd7 30. Kg2 b6 31. Bb2 Rd8 32. Rh1 Ne7 33. Bc3 Nc6 34. Re1 Rd7
35. Kg1 Rd8 36. Bd3 Rd7 37. Bf1 Rd8 38. Bg2 Ne7 39. b4 axb4 40. axb4 Nf5 41. b5
Rd7 42. Bf1 Qd8 43. Ra1 Ne7 44. Ra8 Qc7 45. Bd3 Rd8 46. Ra6 Nd7 47. Bc2 Kf8 48.
Qe1 g4 49. Nh2 Nxe5 50. Bxe5 Bxe5 51. Nxg4 Bg7 52. Ra3 Rd4 53. Qe2 f5 54. Nh2
Kf7 55. Nf3 Rd7 56. Re3 Qd6 57. Ne5+ Bxe5 58. Rxe5 Ng8 59. g4 fxg4 60. Bg6+ Kf6
61. Re4 Qd1+ 62. Qxd1 Rxd1+ 63. Kg2 e5 64. Rxg4 Rd4 65. Rg3 Ne7 66. Bd3 e4 67.
Be2 Rd6 68. Ra3 Ke5 69. Ra7 Nf5 70. Bg4 Nd4 71. Kg3 Nb3 72. Rg7 Rd3+ 73. Kh4
Rd6 74. Rg6 Nc1 75. Kg3 Nd3 76. Bf5 Rf6 77. Rxf6 Kxf6 78. Bxe4 Ne5 79. Bd5 Kf5
80. f3 Nd7 1/2-1/2

[Event "FRA-chT"]
[Site "FRA"]
[Date "1998.04.02"]
[Round "4"]
[White "Belkhodja, Slim"]
[Black "Rausis, Igors"]
[Result "0-1"]
[WhiteElo "2405"]
[BlackElo "2520"]
[PlyCount "182"]
[EventDate "1998.02.06"]
[Source "ChesBase"]
[SourceDate "1998.07.07"]

1. e4 d5 2. exd5 Nf6 3. c4 e6 4. dxe6 Bxe6 5. Nf3 Nc6 6. Nc3 Qe7 7. Be2 Bxc4 8.
d3 O-O-O 9. O-O Ba6 10. Re1 Qd7 11. Bg5 Bxd3 12. Bxd3 Qxd3 13. Qb3 Qg6 14. Rac1
Bc5 15. Qc4 Bb6 16. Na4 Rhe8 17. Nxb6+ axb6 18. h3 Rxe1+ 19. Rxe1 Nd4 20. Nxd4
Qxg5 21. Nb5 c6 22. Nc3 Nd5 23. Nxd5 Qxd5 24. Qf4 Qd7 25. Re3 Qd1+ 26. Kh2 Qd6
27. Qg3 Qxg3+ 28. Kxg3 Kd7 29. Kf4 Ra8 30. a3 Ra4+ 31. Kf5 Ra5+ 32. Ke4 Rg5 33.
g4 Rd5 34. h4 Rd2 35. Rb3 Rxf2 36. Rxb6 Kc7 37. Rb3 b5 38. h5 f6 39. Ke3 Rc2
40. Rb4 Kb6 41. Kd3 Rg2 42. b3 Rg3+ 43. Kc2 Kc5 44. Rf4 h6 45. a4 Kb6 46. Kb2
c5 47. axb5 Kxb5 48. Kc2 Re3 49. Ra4 Re7 50. Kd3 Re5 51. Re4 Rd5+ 52. Ke3 f5
53. gxf5 Rxf5 54. Rh4 Rd5 55. Ke2 Kc6 56. Rg4 Rxh5 57. Rxg7 Kd5 58. Rd7+ Ke4
59. Kf2 Rf5+ 60. Kg2 Rd5 61. Re7+ Re5 62. Rb7 Kd5 63. Kf3 h5 64. Rd7+ Kc6 65.
Rh7 Kb5 66. Rb7+ Ka5 67. Ra7+ Kb4 68. Rb7+ Kc3 69. Rb5 Kd4 70. Rb8 h4 71. Kg4
Re4+ 72. Kf3 Re3+ 73. Kg2 Kd5 74. Kf2 Re4 75. Kf3 Rb4 76. Rd8+ Kc6 77. Rd3 Rd4
78. Re3 Kb5 79. Ke2 Kb4 80. Rf3 Rg4 81. Rh3 Rg3 82. Rxh4+ Kxb3 83. Rh8 c4 84.
Rb8+ Kc2 85. Ra8 c3 86. Rb8 Rg7 87. Re8 Rd7 88. Re6 Kc1 89. Rc6 c2 90. Rc8 Re7+
91. Kf2 Rb7 0-1

[Event "FRA-chT"]
[Site "FRA"]
[Date "1998.04.02"]
[Round "4"]
[White "Brochet, Philippe"]
[Black "Hebden, Mark"]
[Result "0-1"]
[WhiteElo "2270"]
[BlackElo "2585"]
[PlyCount "42"]
[EventDate "1998.02.06"]
[Source "ChesBase"]
[SourceDate "1998.07.07"]

1. e4 e5 2. Nf3 Nc6 3. d4 exd4 4. Nxd4 Nf6 5. Nxc6 bxc6 6. Bd3 d5 7. e5 Ng4 8.
O-O Bc5 9. Qe2 Qe7 10. Bf4 g5 11. Bg3 h5 12. Ba6 Bxa6 13. Qxa6 Bb6 14. Qa4 Qe6
15. h4 O-O-O 16. Nd2 gxh4 17. Bxh4 Rdg8 18. Qf4 Nxe5 19. Rfe1 Ng6 20. Rxe6 Nxf4
21. Rf6 Nxg2 0-1

[Event "FRA-chT"]
[Site "FRA"]
[Date "1998.04.02"]
[Round "4"]
[White "Buchy, Daniel"]
[Black "Rainfray, Arnaud"]
[Result "0-1"]
[WhiteElo "2215"]
[BlackElo "2270"]
[PlyCount "78"]
[EventDate "1998.02.06"]
[Source "ChesBase"]
[SourceDate "1998.07.07"]

1. f4 e5 2. fxe5 d6 3. exd6 Bxd6 4. Nf3 g5 5. d4 g4 6. Ng5 f5 7. e4 h6 8. e5
Bxe5 9. dxe5 Qxd1+ 10. Kxd1 hxg5 11. Bxg5 Be6 12. Nc3 Rh5 13. Bf4 Ne7 14. Bb5+
c6 15. Bd3 Nd7 16. Ne2 Ng6 17. Kd2 Bd5 18. Rhg1 O-O-O 19. h3 gxh3 20. gxh3
Ngxe5 21. Rg7 Be4 22. Ng3 Rxh3 23. Nxf5 Rxd3+ 24. cxd3 Bxf5 25. d4 Nc4+ 26. Kc3
Ncb6 27. Bg5 Rh8 28. Rf1 Be6 29. Re1 Nd5+ 30. Kd2 Bf5 31. a3 N7b6 32. b3 a5 33.
Re5 Bd7 34. Re2 a4 35. Kc2 axb3+ 36. Kxb3 Rh3+ 37. Kc2 Kb8 38. Be7 Bf5+ 39. Kb2
Nc4+ 0-1

[Event "FRA-chT"]
[Site "FRA"]
[Date "1998.04.02"]
[Round "4"]
[White "Collas, Didier"]
[Black "Neuillet, Alexandre"]
[Result "1-0"]
[WhiteElo "2355"]
[BlackElo "2245"]
[PlyCount "111"]
[EventDate "1998.02.06"]
[Source "ChesBase"]
[SourceDate "1998.07.07"]

1. e4 c5 2. Nf3 d6 3. d3 Nc6 4. Nbd2 g6 5. g3 Bg7 6. Bg2 e6 7. O-O Nge7 8. Re1
O-O 9. Nb3 b6 10. c3 Bb7 11. a4 d5 12. exd5 Nxd5 13. d4 cxd4 14. Nfxd4 Nxd4 15.
Nxd4 Rc8 16. a5 bxa5 17. Nb3 Qb6 18. Nxa5 Ba6 19. Qa4 Bb5 20. Qh4 Bd3 21. Rd1
Be2 22. Rd2 Ba6 23. Qa4 Nxc3 24. bxc3 Bxc3 25. Rda2 Bxa1 26. Rxa1 Rfd8 27. Be3
Qb2 28. Nc6 Bb5 29. Qa5 Rd7 30. Nxa7 Rcd8 31. h4 Rd1+ 32. Rxd1 Rxd1+ 33. Kh2
Be2 34. Nc6 Qb7 35. Nd4 Qb2 36. Qa7 Bf1 37. Bf3 Re1 38. Qa8+ Kg7 39. Qe4 Ba6
40. Qe5+ Kg8 41. Bg2 Bf1 42. h5 Rxe3 43. Qxe3 Bxg2 44. Kxg2 gxh5 45. Qg5+ Kf8
46. Nf3 Qb7 47. Qxh5 Qe4 48. Qh6+ Ke8 49. Qf6 Qc6 50. Qh8+ Ke7 51. Qxh7 Qd5 52.
Qg7 Qc6 53. Qg5+ Ke8 54. Qf6 Qe4 55. Qh8+ Kd7 56. Qd4+ 1-0

[Event "FRA-chT"]
[Site "FRA"]
[Date "1998.04.02"]
[Round "4"]
[White "Cramling, Pia"]
[Black "Parr, Erik"]
[Result "1-0"]
[WhiteElo "2535"]
[BlackElo "2285"]
[PlyCount "97"]
[EventDate "1998.02.06"]
[Source "ChesBase"]
[SourceDate "1998.07.07"]

1. d4 f5 2. g3 Nf6 3. Bg2 g6 4. b3 Bg7 5. Bb2 O-O 6. Nf3 d6 7. O-O Na6 8. Nbd2
Rb8 9. c4 c6 10. Ne1 Qe8 11. Nd3 Nc7 12. Qc2 Bd7 13. a4 g5 14. Rae1 Qh5 15. e3
Ne4 16. f3 Nxd2 17. Qxd2 Qg6 18. f4 gxf4 19. exf4 e6 20. Qb4 c5 21. dxc5 Bxb2
22. Nxb2 Na6 23. Qd2 Nxc5 24. Qxd6 Qg7 25. Qxc5 Qxb2 26. Qe3 Rfe8 27. Rf2 Qa3
28. Rd2 Bc6 29. Rd3 Bxg2 30. Kxg2 b6 31. Rd7 Qc5 32. Qxc5 bxc5 33. Re3 Rb6 34.
Rxa7 Rd8 35. Rc7 Rd2+ 36. Kf3 Rxh2 37. Rd3 Rb8 38. Rxc5 Kf7 39. Rb5 Rg8 40.
Rb7+ Kg6 41. Re3 Kf6 42. Rb6 Re8 43. a5 h5 44. Re2 Rh1 45. a6 h4 46. Kg2 Rd1
47. gxh4 Rg8+ 48. Kf2 Kg6 49. a7 1-0

[Event "FRA-chT"]
[Site "FRA"]
[Date "1998.04.02"]
[Round "4"]
[White "De la Riva, Oscar"]
[Black "Siegel, Georg"]
[Result "1-0"]
[WhiteElo "2495"]
[BlackElo "2540"]
[PlyCount "144"]
[EventDate "1998.02.06"]
[Source "ChesBase"]
[SourceDate "1998.07.07"]

1. e4 c5 2. Nf3 d6 3. d4 cxd4 4. Nxd4 Nf6 5. Nc3 Nc6 6. Bg5 e6 7. Qd2 Be7 8.
O-O-O O-O 9. f3 Nxd4 10. Qxd4 a6 11. h4 b5 12. Kb1 Qa5 13. g4 b4 14. Ne2 e5 15.
Qd2 Be6 16. Nc1 Rfd8 17. Bxf6 Bxf6 18. g5 Be7 19. Bh3 d5 20. Bxe6 fxe6 21. exd5
Rxd5 22. Qe2 Rad8 23. Rxd5 Rxd5 24. Rd1 Rxd1 25. Qxd1 Qd5 26. Qe2 Qd4 27. Qxa6
Kf7 28. a3 bxa3 29. Nd3 axb2 30. Qb5 Kf8 31. Qb8+ Qd8 32. Qxe5 Qa8 33. Qxb2 Bd6
34. Qd4 Qd5 35. Qb6 Kf7 36. h5 e5 37. Qa7+ Be7 38. Qc7 Ke6 39. Qc8+ Kd6 40.
Qb8+ Kd7 41. Nxe5+ Ke6 42. Nd3 Qxg5 43. Qb3+ Kf6 44. Qb6+ Kf5 45. Qd4 Ke6 46.
Nf4+ Kf7 47. Qc4+ Ke8 48. Qg8+ Kd7 49. Qe6+ Kd8 50. Nd5 Qg1+ 51. Kb2 Bf8 52.
Qf7 Qd4+ 53. Kb3 Qc5 54. Qb7 g6 55. hxg6 hxg6 56. Nb4 Bd6 57. c3 Qf5 58. Qa8+
Ke7 59. Nc6+ Kf7 60. Nd4 Qc5 61. Qa6 Qd5+ 62. Qc4 Qxc4+ 63. Kxc4 Kf6 64. Kd5
Bb8 65. c4 Kg5 66. Ke4 Kh4 67. c5 g5 68. c6 g4 69. f4 g3 70. Kf3 g2 71. Ne2 Kh5
72. Kxg2 Kg4 1-0

[Event "FRA-chT"]
[Site "FRA"]
[Date "1998.04.02"]
[Round "4"]
[White "Delebarre, Xavier"]
[Black "Touzane, Olivier"]
[Result "0-1"]
[WhiteElo "2270"]
[BlackElo "2350"]
[PlyCount "64"]
[EventDate "1998.02.06"]
[Source "ChesBase"]
[SourceDate "1998.07.07"]

1. h3 d5 2. d4 Nf6 3. Nc3 c5 4. Bg5 cxd4 5. Bxf6 dxc3 6. Bxc3 Nc6 7. Nf3 f6 8.
Qd3 e5 9. e4 d4 10. Bd2 Be6 11. a3 Bc5 12. Be2 O-O 13. O-O a6 14. Ne1 Kh8 15.
Bg4 Qd7 16. Qg3 f5 17. exf5 Bxf5 18. Nd3 Bd6 19. Bxf5 Qxf5 20. Qg5 Qxg5 21.
Bxg5 e4 22. Nc1 Rf5 23. Bd2 e3 24. Be1 Re8 25. Ne2 Rfe5 26. f3 Rc5 27. Rc1 d3
28. cxd3 Rxc1 29. Nxc1 e2 30. Rf2 Bc5 31. Nb3 Be3 32. f4 Rd8 0-1

[Event "FRA-chT"]
[Site "FRA"]
[Date "1998.04.02"]
[Round "4"]
[White "Dezan, Pierre"]
[Black "Boudre, Jean Pierre"]
[Result "0-1"]
[WhiteElo "2210"]
[BlackElo "2380"]
[PlyCount "112"]
[EventDate "1998.02.06"]
[Source "ChesBase"]
[SourceDate "1998.07.07"]

1. e4 e5 2. Nf3 Nc6 3. Nc3 Bc5 4. Bb5 a6 5. Bxc6 dxc6 6. Ne2 Nf6 7. d3 Nd7 8.
c3 O-O 9. O-O Re8 10. Ng3 Bd6 11. Bg5 f6 12. Be3 Nf8 13. Qb3+ Kh8 14. d4 exd4
15. Nxd4 Bxg3 16. fxg3 c5 17. Nf5 Bxf5 18. Rxf5 b6 19. Qc4 Qe7 20. e5 Ng6 21.
Bf4 fxe5 22. Bg5 Qe6 23. Qe4 Kg8 24. h4 Rf8 25. Rxf8+ Rxf8 26. h5 Nh8 27. h6
gxh6 28. Bd2 Nf7 29. Rf1 a5 30. c4 Nd8 31. Rxf8+ Kxf8 32. Qxh7 Nf7 33. Qe4 Kg7
34. g4 Nd6 35. Qc6 Kg6 36. Qxc7 Nxc4 37. Bc3 Ne3 38. Bxe5 Nxg4 39. Qd6 Qxd6 40.
Bxd6 Ne3 41. b3 Kf5 42. Kf2 Ke4 43. a4 h5 44. Bb8 Kd3 45. Ba7 Nd5 46. Kf3 c4
47. bxc4 Kxc4 48. Kg3 Kb4 49. Kh4 Kxa4 50. Kxh5 Kb3 51. g4 a4 52. g5 a3 53.
Bxb6 a2 54. Bd4 Nc3 55. g6 a1=Q 56. Bxc3 Qxc3 0-1

[Event "FRA-chT"]
[Site "FRA"]
[Date "1998.04.02"]
[Round "4"]
[White "Dieu, Bruno"]
[Black "Degraeve, Jean Marc"]
[Result "0-1"]
[WhiteElo "2275"]
[BlackElo "2525"]
[PlyCount "67"]
[EventDate "1998.02.06"]
[Source "ChesBase"]
[SourceDate "1998.07.07"]

1. d4 Nf6 2. c4 g6 3. Nc3 Bg7 4. e4 d6 5. Nge2 O-O 6. Ng3 a6 7. Be2 c5 8. d5 b5
9. O-O b4 10. Nb1 h5 11. Nd2 h4 12. Nh1 Nbd7 13. f4 a5 14. Nf2 a4 15. Rb1 Nb6
16. Bd3 Nh5 17. Nf3 e6 18. f5 gxf5 19. dxe6 fxe6 20. exf5 exf5 21. Ng5 Nf6 22.
Qf3 Qd7 23. Qh3 d5 24. cxd5 Nfxd5 25. Qxh4 Bf6 26. Nfh3 Qg7 27. Kh1 Ra7 28. Rf3
Re7 29. Bd2 f4 30. Qh5 Bxh3 31. Nxh3 Re5 32. Bf5 Be7 33. g4 Nf6 34. Qg6 0-1

[Event "FRA-chT"]
[Site "FRA"]
[Date "1998.04.02"]
[Round "4"]
[White "Dunnington, Angus J"]
[Black "Ikonnikov, Vyacheslav"]
[Result "1/2-1/2"]
[WhiteElo "2390"]
[BlackElo "2550"]
[PlyCount "46"]
[EventDate "1998.02.06"]
[Source "ChesBase"]
[SourceDate "1998.07.07"]

1. Nf3 e6 2. g3 b6 3. Bg2 Bb7 4. O-O f5 5. d3 Nf6 6. Nbd2 Be7 7. e4 O-O 8. e5
Nh5 9. b3 Qe8 10. a4 a5 11. Ba3 Bxa3 12. Rxa3 Na6 13. Nc4 Nb4 14. Qd2 Rb8 15.
Raa1 h6 16. c3 Nd5 17. Nd4 g5 18. Nb5 f4 19. Be4 f3 20. Nd4 Ne7 21. Qe3 Nd5 22.
Qd2 Ne7 23. Qe3 Nd5 1/2-1/2

[Event "FRA-chT"]
[Site "FRA"]
[Date "1998.04.02"]
[Round "4"]
[White "Eliet, Nicolas"]
[Black "Pira, Davoud"]
[Result "1-0"]
[WhiteElo "2355"]
[BlackElo "2340"]
[PlyCount "83"]
[EventDate "1998.02.06"]
[Source "ChesBase"]
[SourceDate "1998.07.07"]

1. d4 c5 2. d5 e5 3. e4 d6 4. Bb5+ Nd7 5. a4 Be7 6. Nf3 Ngf6 7. Nc3 a6 8. Bd3
Nf8 9. Nd2 h5 10. h4 b6 11. Qe2 N8h7 12. Nc4 O-O 13. g3 g6 14. Bh6 Re8 15. f3
Bf8 16. Be3 Bd7 17. Kf2 Qc7 18. Nd2 Qb7 19. Rhb1 Reb8 20. b4 Bc8 21. Nd1 Qc7
22. c3 Be7 23. Ra2 Bd8 24. Kg1 Qe7 25. bxc5 dxc5 26. Rab2 Bc7 27. Qf2 Nd7 28.
Nc4 Nhf6 29. Bg5 Qf8 30. Bxf6 Nxf6 31. Nxb6 Bxb6 32. Rxb6 Rxb6 33. Rxb6 Nd7 34.
Rb2 Qd6 35. Ne3 Nb6 36. a5 Nd7 37. Nc4 Qc7 38. Bc2 f6 39. Ba4 Nf8 40. d6 Qf7
41. Qxc5 Be6 42. Nb6 1-0

[Event "FRA-chT"]
[Site "FRA"]
[Date "1998.04.02"]
[Round "4"]
[White "Flear, Glenn C"]
[Black "Bouhallel, Rabah"]
[Result "1-0"]
[WhiteElo "2445"]
[BlackElo "2255"]
[PlyCount "65"]
[EventDate "1998.02.06"]
[Source "ChesBase"]
[SourceDate "1998.07.07"]

1. d4 Nf6 2. c4 c5 3. d5 d6 4. Nc3 g6 5. e4 Bg7 6. Bd3 O-O 7. h3 Na6 8. Nf3 Nc7
9. Bg5 a6 10. a4 h6 11. Be3 e6 12. Qd2 exd5 13. cxd5 Kh7 14. O-O Rb8 15. Rab1
Re8 16. b4 c4 17. Bc2 b5 18. a5 Bb7 19. Nd4 Rc8 20. Rbd1 Qe7 21. Rfe1 Nd7 22.
f4 Qf8 23. Nf3 Rcd8 24. Bd4 Nf6 25. Kh2 Rd7 26. Rf1 Rde7 27. Rde1 Qh8 28. g4
Ba8 29. Kg2 Bb7 30. Re3 Nd7 31. Bxg7 Qxg7 32. Rfe1 Qf6 33. e5 1-0

[Event "FRA-chT"]
[Site "FRA"]
[Date "1998.04.02"]
[Round "4"]
[White "Flouzat, Jean Marc"]
[Black "Solakian, Jerome"]
[Result "1/2-1/2"]
[WhiteElo "2225"]
[BlackElo "2225"]
[PlyCount "47"]
[EventDate "1998.02.06"]
[Source "ChesBase"]
[SourceDate "1998.07.07"]

1. d4 Nf6 2. Nf3 g6 3. Bf4 Bg7 4. e3 O-O 5. Be2 d6 6. h3 Nbd7 7. O-O c5 8. c3
b6 9. a4 a6 10. Nbd2 Bb7 11. Bh2 Qc7 12. Qb3 Bc6 13. Qa3 Qb7 14. b4 cxd4 15.
cxd4 Ne4 16. Nxe4 Bxe4 17. Rfc1 Rfc8 18. Rxc8+ Rxc8 19. Rc1 Nf6 20. Ne1 Rxc1
21. Qxc1 Qc6 22. Qxc6 Bxc6 23. b5 axb5 24. Bxb5 1/2-1/2

[Event "FRA-chT"]
[Site "FRA"]
[Date "1998.04.02"]
[Round "4"]
[White "Fontaine, Robert"]
[Black "Hauchard, Arnaud"]
[Result "1/2-1/2"]
[WhiteElo "2365"]
[BlackElo "2480"]
[PlyCount "83"]
[EventDate "1998.02.06"]
[Source "ChesBase"]
[SourceDate "1998.07.07"]

1. e4 c6 2. d4 d5 3. e5 Bf5 4. Nc3 Qb6 5. Bd3 Bxd3 6. Qxd3 e6 7. Nge2 Ne7 8.
O-O Nd7 9. b3 Nf5 10. a4 Be7 11. a5 Qd8 12. a6 b5 13. Bd2 Rb8 14. Nf4 h5 15.
Nce2 g6 16. c4 dxc4 17. bxc4 g5 18. Ba5 Nb6 19. Bxb6 Rxb6 20. Nxh5 bxc4 21.
Qxc4 Rxh5 22. g4 Nh4 23. gxh5 Nf3+ 24. Kg2 Nd2 25. Qd3 Qd5+ 26. f3 Nxf1 27.
Rxf1 Bf8 28. Rb1 Qa2 29. Rxb6 axb6 30. Kg3 b5 31. Nc3 Qxa6 32. Ne4 Qa1 33. Qc2
Kd7 34. Nf6+ Kc7 35. h6 Qxd4 36. Ng4 Bxh6 37. Nxh6 Qh4+ 38. Kg2 Qxh6 39. Qc5
Kb7 40. Qe7+ Kb6 41. Qd8+ Kc5 42. Qd6+ 1/2-1/2

[Event "FRA-chT"]
[Site "FRA"]
[Date "1998.04.02"]
[Round "4"]
[White "Forintos, Gyozo V"]
[Black "Gofshtein, Leonid D"]
[Result "0-1"]
[WhiteElo "2395"]
[BlackElo "2520"]
[PlyCount "42"]
[EventDate "1998.02.06"]
[Source "ChesBase"]
[SourceDate "1998.07.07"]

1. d4 Nf6 2. c4 g6 3. Nc3 Bg7 4. e4 d6 5. Nge2 c6 6. Ng3 a6 7. a4 a5 8. Be2 e5
9. d5 h5 10. h4 Na6 11. Bg5 Nc5 12. Rb1 Bh6 13. Bxh6 Rxh6 14. Qd2 Rh8 15. b3
Bd7 16. f3 Kf8 17. Kf2 Ne8 18. Qe3 Qb6 19. Nf1 f5 20. Ke1 Ke7 21. Kd1 cxd5 0-1

[Event "FRA-chT"]
[Site "FRA"]
[Date "1998.04.02"]
[Round "4"]
[White "Fressinet, Laurent"]
[Black "Ferguson, Mark"]
[Result "1/2-1/2"]
[WhiteElo "2450"]
[BlackElo "2410"]
[PlyCount "44"]
[EventDate "1998.02.06"]
[Source "ChesBase"]
[SourceDate "1998.07.07"]

1. e4 e5 2. Nf3 Nc6 3. Nc3 Nf6 4. g3 d5 5. exd5 Nxd5 6. Bg2 Nxc3 7. bxc3 Bc5 8.
O-O O-O 9. Re1 Re8 10. d4 exd4 11. Rxe8+ Qxe8 12. cxd4 Bb6 13. Bb2 Bg4 14. c4
Rd8 15. d5 Ne5 16. Qb3 Nxf3+ 17. Bxf3 Bxf3 18. Qxf3 Bc5 19. Qg4 Bf8 20. Bf6 Qd7
21. Qxd7 Rxd7 22. Bc3 Bc5 1/2-1/2